000 00322nam a2200145Ia 4500
008 210210b1907 xxu||||| |||| 00| 0 eng d
041 _aeng
082 _a822/1118
100 _aSMILES (S)
245 _aThrift
260 _aLondon
_bJohn Murray
_c1907
650 _aThrift
690 _aEnglish Prose
906 _a013301
999 _c132166
_d132166